UBT Library

Antitrust law, policy, and procedure : (Record no. 41437)

000 -LEADER
fixed length control field 00795cam a2200253 a 4500
001 - CONTROL NUMBER
control field 15757879
005 - DATE AND TIME OF LATEST TRANSACTION
control field 20180201032203.0
008 - FIXED-LENGTH DATA ELEMENTS--GENERAL INFORMATION
fixed length control field 090601s2009 njua b 001 0 eng
010 ## - LIBRARY OF CONGRESS CONTROL NUMBER
LC control number 2009929767
020 ## - INTERNATIONAL STANDARD BOOK NUMBER
International Standard Book Number 9781422472156 (hbk.)
040 ## - CATALOGING SOURCE
Original cataloging agency DLC
Transcribing agency DLC
041 ## - LANGUAGE CODE
Language code of text/sound track or separate title eng
043 ## - GEOGRAPHIC AREA CODE
Geographic area code n-us---
080 ## - UNIVERSAL DECIMAL CLASSIFICATION NUMBER
Universal Decimal Classification number 343.730721 tho
082 00 - DEWEY DECIMAL CLASSIFICATION NUMBER
Classification number 343.73/0721 tho
Edition number 21
100 1# - Rafti
Rafti 15
101 ## - Shkurtesa
Shkurtesa law
245 10 - TITLE STATEMENT
Title Antitrust law, policy, and procedure :
Statement of responsibility, etc E. Thomas Sullivan, Herbert Hovenkamp.
504 ## - BIBLIOGRAPHY, ETC. NOTE
Bibliography, etc Includes bibliographical references and index.
906 ## - LOCAL DATA ELEMENT F, LDF (RLIN)
a 7
b cbc
c orignew
d 2
e epcn
f 20
g y-gencatlg
942 ## - ADDED ENTRY ELEMENTS (KOHA)
Source of classification or shelving scheme
Item type Books
Holdings
Withdrawn status Lost status Source of classification or shelving scheme Damaged status Not for loan Collection code Permanent location Current location Shelving location Date acquired Total Checkouts Full call number Barcode Date last seen Price effective from Koha item type
          Koleksioni i përgjithshem UBT - Lipjan UBT - Lipjan Koleksioni i përgjithshem 02/01/2018   343.73/0721 tho 002-2997774 02/01/2018 02/01/2018 Books
          Koleksioni i përgjithshem UBT - Lipjan UBT - Lipjan Koleksioni i përgjithshem 02/01/2018   343.73/0721 tho 002-2997769 02/01/2018 02/01/2018 Books
UBT Library © 2015-2024. All rights reserved University Education for Business and Technology